000 00646nam a22002177a 4500
999 _c15269
_d15269
003 AR-CdUCM
008 190426b ||||| |||| 00| 0 spa d
020 _a978-84-683-0860-9
040 _aMUNICIPALIDAD PROVINCIAL DEL CUSCO
_cBIBLIOTECA MUNICIPAL DEL CUSCO
082 _aPI / 803.08 /
_bS61
100 _aSmith, Alex T.
_934101
245 _aClaude en la ciudad /
260 _aBarcelona :
_bEdebé,
_c2013.
300 _a94 páginas ;
_c18 cm.
_bIlustraciones
650 _aLiteratura
_983
650 _aInfantil
_96210
650 _aInfancia
_95236
700 _aLlerena, Carmen
_934311
942 _2ddc
_cLIBROS
945 _arah
_d26/04/2019